01797cim a2200433 a 450000100090000000300050000900500170001400700150003100800410004601000170008702000180010402000150012202800280013703500240016503800110018904000510020004200140025104300120026505000140027708200160029110000210030724500560032826000400038430000520042430600110047650000140048750000190050151100440052052004380056465000510100265000500105365000360110365100320113965500290117165500230120070000230122370000260124685600910127216913311NUST20191003123651.0sd fsngnnmmned110810s2010 nyunnn| f | eng d a 2011622251 a9781607886556 a160788655302a2-82655bHachette Audio a(OCoLC)ocn606759817 awaseem aBTCTAbengcBTCTAdTEFdTEFMTdIUIdOCLCAdDLC alccopycat an-us-dc00aSDC 05739 a813.54bBAL1 aBaldacci, David.10aHell's cornerh[sound recording] /cDavid Baldacci. aNew York :bHachette Audio,cp2010. a6 sound discs (7.5 hr.) :bdigital ;c4 3/4 in. a073000 aAbridged. aCompact discs.0 aRead by Ron McLarty and Orlagh Cassidy. aA bomb detonates in the White House immediately after the British prime minister departs from the state dinner. Oliver Stone, who witnesses the event, believes the prime minister and the president were targets of a terrorist plot. MI-5 agent Mary Chapman is assigned to assist Stone and his Camel Club with the investigation, which reveals that the bombing may have actually been botched and is part of a darker, deadlier conspiracy. 0aStone, Oliver (Fictitious character)vFiction. 0aCamel Club (Imaginary organization)vFiction. 0aBombing investigationvFiction. 0aWashington (D.C.)vFiction. 7aSuspense fiction.2gsafd 7aAudiobooks.2lcgft1 aMcLarty, Ron.4prf1 aCassidy, Orlagh.4prf423Publisher descriptionuhttp://www.loc.gov/catdir/enhancements/fy1115/2011622251-d.html